La herramienta y factores diversos para la rápida producción / (Record no. 139276)

MARC details
000 -LEADER
campo de control de longitud fija 00754nam a2200193 4500
001 - NÚMERO DE CONTROL
campo de control 139276
003 - IDENTIFICADOR DE NÚMERO DE CONTROL
campo de control ES-MaACL
005 - FECHA Y HORA DE LA ÚLTIMA TRANSACCIÓN
campo de control 20230906195739.0
007 - CAMPO FIJO DE DESCRIPCIÓN FÍSICA--INFORMACIÓN GENERAL
campo de control de longitud fija t|
008 - DATOS DE LONGITUD FIJA--INFORMACIÓN GENERAL
campo de control de longitud fija 070214s1962 sp r ||||1| spa d
100 1# - ENTRADA PRINCIPAL--NOMBRE DE PERSONA
Nombre de persona Scoriazza, Emilio.
9 (RLIN) 104935
245 13 - MENCIÓN DEL TÍTULO
Título La herramienta y factores diversos para la rápida producción /
Mención de responsabilidad, etc. Emilio Scoriazza ; [traduccion de la 1ª ed. italiana por Francisco Marigó Botet].
260 ## - PUBLICACIÓN, DISTRIBUCIÓN, ETC.
Lugar de publicación, distribución, etc. Barcelona :
Nombre del editor, distribuidor, etc. Hoepli,
Fecha de publicación, distribución, etc. 1962 (
Fabricante Ariel)
300 ## - DESCRIPCIÓN FÍSICA
Extensión XIII, 243 p. :
Otras características físicas il. ;
Dimensiones 24 cm.
500 ## - NOTA GENERAL
Nota general Tít. orig.: L'utensile e fattori diversi per la rapida produzione.
710 2# - ENTRADA AGREGADA--NOMBRE DE ENTIDAD CORPORATIVA
Nombre de entidad corporativa o nombre de jurisdicción como elemento de entrada Marigó Botet, Francisco.
9 (RLIN) 5649
740 0# - ENTRADA AGREGADA--TÍTULO RELACIONADO/ANALÍTICO NO CONTROLADO
Título relacionado o analítico no controlado L'utensile e fattori diversi per la rapida produzione.
852 ## - LOCALIZACIÓN
Ubicación ES-MaACL
Número de control de estantería C-21852
Sublocalización o colección R.50518
Holdings
Estatus retirado Estado de pérdida Estado de daño No para préstamo Biblioteca de origen Biblioteca actual Ubicación en estantería Fecha de adquisición Fuente de adquisición Total de préstamos Signatura topográfica completa Código de barras Visto por última vez Precio de reemplazo Tipo de ítem Koha
        Biblioteca del Ateneo de Madrid Biblioteca del Ateneo de Madrid Galería 17/01/2008     C-21852 1144940 23/02/2023 23/02/2023 Libro impreso